00413nam a2200157Ia 4500003000400000008004100004040001600045082001300061100002400074245005300098260004200151300000800193490002500201650001100226650001800237GCL140319s9999 xx 000 0 eng d aGCL / cGCL04a841bR L1 aRILKE, RAINOR MARIA10aLETTRES A UN JEUNE POETE / cRILKE, RAINOR MARIA a[S.N] : bLE LIVRE DE POCHE ، c1994 a216 aLE LIVRE DE POCHEv004aPOETRY04aFRENCH POETRY